India Since Independence (Record no. 203)

MARC details
000 -LEADER
fixed length control field 00322nam a22001457a 4500
020 ## - INTERNATIONAL STANDARD BOOK NUMBER
International Standard Book Number 9780143104094
041 ## - LANGUAGE CODE
Language code of text/sound track or separate title ENG
100 ## - MAIN ENTRY--PERSONAL NAME
Personal name Chandra B
245 ## - TITLE STATEMENT
Title India Since Independence
260 ## - PUBLICATION, DISTRIBUTION, ETC. (IMPRINT)
Place of publication, distribution, etc New Delhi
Name of publisher, distributor, etc Penguin Books
Date of publication, distribution, etc 2008
300 ## - PHYSICAL DESCRIPTION
Extent 772
650 ## - SUBJECT ADDED ENTRY--TOPICAL TERM
Topical term or geographic name as entry element PUSC
700 ## - ADDED ENTRY--PERSONAL NAME
Personal name Mukherjee M
856 ## - ELECTRONIC LOCATION AND ACCESS
Uniform Resource Identifier Competitive Exam
Holdings
Withdrawn status Lost status Source of classification or shelving scheme Damaged status Not for loan Home library Current library Date acquired Cost, normal purchase price Total Checkouts Barcode Date last seen Price effective from Koha item type Date checked out
    Dewey Decimal Classification     College of Agricultural Engineering and Technology, Dapoli , Library College of Agricultural Engineering and Technology, Dapoli , Library 20/01/2021 450.00 2 007805 12/01/2023 20/01/2021 Books 03/01/2023
    Dewey Decimal Classification     College of Agricultural Engineering and Technology, Dapoli , Library Liberty 20/01/2021 450.00   007804 20/01/2021 20/01/2021 Books  

Contact Us: College of Agricultural Engineering and Technology, Dapoli, Dist.- Ratnagiri
Website: https://dbskkv.org Email: caetlibrary2015@gmail.com